00463naa a2200133 a 45000010005000000030005000050050017000100080041000270400020000681000022000882450108001106500036002187730075002541018CDMR20130410125402.0130130s ||||||||||||r|||||||||||||||d aCDMRbcatcCDMR1 aCanyà, Llucieta13aEl periodisme i les dones de la Renaixançab: conferencia a Ràdio Associació : día 22 de juliol04aDones periodistesyRenaixença0 tAssociació de Periodistes de Barcelonag1933, Any II, p.159-170w315